000 02426cam a22004814i 4500
003 PE-LiUPU
005 20250731173048.0
008 171228s2015 r 000 0 spa d
020 _a9783727817755
_qAcademic Press
020 _a9783525544006
_qVandenhoeck & Ruprecht
035 _a(Sirsi) a240835
082 0 4 _a220.93
_bK61
_222
100 1 _aKletter, Raz,
_eautor.
245 _aYavneh II :
_bthe 'Temple Hill' repository pit : fire pans, kernos, naos, painted stands, 'plain' pottery, cypriot pottery, inscribed bowl, dog bones, stone fragments, and other studies /
_c Raz Kletter, Irit Ziffer, Wolfgang Zwickel .
264 1 _aFribourg, Schweiz :
_b Academic Press ;
_a Göttingen :
_b Vandenhoeck & Ruprecht,
_c[2015]
300 _axiii, 288 páginas :
_bIlustraciones ;
_c33 centímetros.
336 _atext
_2rdacontent
337 _aunmediated
_2rdamedia
338 _avolume
_2rdacarrier
490 0 _aOrbis biblicus et orientalis. Series archaeologica,
_x1015-1850 ;
_v36
504 _aBibliografía al final de cada tema.
504 _aÍndice : páginas 274-288.
505 0 _aThe Yavneh fire pans and the biblical mahtah -- Experiment with replicas of fire pans -- A kernos -- A clay shrine model -- Zoomorphic vessels -- Round painted pottery stands -- The plains pottery: Typological and achaeological aspects -- Additional petrographic analysis -- Cypriot pottery -- Dog remains -- Animal representation in the Yavneh cults stands -- A dedicatory inscription -- The stone objects -- The world of cult stands -- Supplementary notes on the stands -- Favissae in Israel/Palestine -- Cult and trade in Yavneh through the study of organic residues -- Conclusions: Yavneh, incense, votive objects and philistine ethnicity.
526 _aSEG42
526 _aSEG41
526 _aSEG40
526 _aSEG39
526 _aP94
526 _aP87
526 _aP86
526 _aP85
526 _aP77
526 _aP76
526 _aP35
650 0 4 _aArchaeology and history.
650 0 4 _aArqueología y historia.
650 0 4 _aIsrael
910 _adbm
_bebj
_cebj
_d20171228
596 _a1
942 _2ddc
_cBOOK
999 _a220.93 K61
_wDEWEY
_c26527
_i77860
_d26527
_f2021-11-9
_g4
_lCCODEBUL1
_mBUL
_p160.00
_q1
_r0
_sY
_tBOOK
_u2017-12-28
_xTEOLOGIA
_PP85
_0COMPRA
_o.STAFF. Colección Teología
980 _81
_gALBERTO SANCHEZ Responsable de Automatización